000 00889nas a2200301 4500
001 BR0102456
003 BR-BrBNA
005 20231205102240.0
007 ta
008 230509b bl.|||p| |||| 00| 00por d
040 _aBR-BrBNA
_bpor
_cBiblioteca Nacional de Agricultura
041 _a(Pt)
072 _aF04; F61
100 1 _aColozza, M.T.
100 1 _aKiehl, J. de C.
100 1 _aWerner, J.C.
100 1 _aSchammass, E.A.
245 1 _aRespostas de Panicum maximum cultivar Aruana a doses de nitrogenio
650 _aCapim Coloniao
650 _aProducao Vegetal
650 _aNitrogenio
650 _aMateria Seca
650 _aAbsorcao de Nutrientes
650 _aResposta da Planta
773 0 _tBoletim de Industria Animal (Brazil)
_xISSN 0067-9615
_g(2000), v. 57(1) p. 21-32
_wBR0102456
909 _a202311
_bLúcia
_c55
_dLúcia Elande
942 _2AGRIS
_n0
_cANA
999 _c166556
_d166556